[Event "Quebec op"]
[Site "Ste-Agathe CAN"]
[Date "1985.08.13"]
[Round "3"]
[White "Ivanov, Igor V"]
[Black "Alain, Benoit"]
[Result "1/2-1/2"]
[WhiteElo "2505"]
[BlackElo "2062"]
[PlyCount "89"]
[GameId "2160767912717850"]
[EventDate "1985.08.11"]
[EventType "swiss"]
[EventRounds "8"]
[EventCountry "CAN"]
[SourceTitle "EXT 2022"]
[Source "ChessBase"]
[SourceDate "2021.10.06"]
[SourceVersion "1"]
[SourceVersionDate "2021.10.06"]
[SourceQuality "1"]

1. d4 Nf6 2. c4 c5 3. d5 e6 4. Nc3 exd5 5. cxd5 d6 6. e4 g6 7. Bf4 a6 8. a4 Bg7 9. Nf3 O-O 10. Be2 Bg4 11. h3 Bxf3 12. Bxf3 Qe7 13. O-O Nbd7 14. Re1 Ne8 15. Qd2 Nc7 16. Be2 Ne5 17. Bg5 f6 18. Be3 f5 19. f4 Nf7 20. exf5 Qxe3+ 21. Qxe3 Bd4 22. Bf3 Nh6 23. g4 b5 24. Kg2 Bxe3 25. Rxe3 bxa4 26. Re7 Rf7 27. Rxf7 Nxf7 28. fxg6 hxg6 29. Nxa4 Rb8 30. Re1 Kf8 31. Re2 Rb4 32. Nc3 Rxf4 33. Be4 g5 34. Bf5 Nb5 35. Bd7 Nxc3 36. Re8+ Kg7 37. bxc3 Rc4 38. Be6 Ne5 39. Rd8 Rxc3 40. Rxd6 Rc2+ 41. Kf1 c4 42. Rxa6 c3 43. Ra7+ Kf6 44. Rc7 Nd3 45. Bf5 1/2-1/2

[Event "Quebec op"]
[Site "Ste-Agathe CAN"]
[Date "1985.08.16"]
[Round "6"]
[White "Georgiev, Kiril"]
[Black "Ivanov, Igor V"]
[Result "1-0"]
[WhiteElo "2556"]
[BlackElo "2505"]
[PlyCount "93"]
[GameId "2160767912717859"]
[EventDate "1985.08.11"]
[EventType "swiss"]
[EventRounds "8"]
[EventCountry "CAN"]
[SourceTitle "EXT 2022"]
[Source "ChessBase"]
[SourceDate "2021.10.06"]
[SourceVersion "1"]
[SourceVersionDate "2021.10.06"]
[SourceQuality "1"]

1. Nf3 Nf6 2. c4 g6 3. g3 Bg7 4. Bg2 O-O 5. O-O c5 6. d4 cxd4 7. Nxd4 Nc6 8. Nc3 Nxd4 9. Qxd4 d6 10. Qd3 Bf5 11. e4 Be6 12. b3 a6 13. Bb2 Qa5 14. Nd1 b5 15. Ne3 bxc4 16. Nxc4 Qb5 17. e5 Bxc4 18. Qxc4 Qxc4 19. bxc4 Ng4 20. Bxa8 Rxa8 21. c5 Nxe5 22. Bxe5 Bxe5 23. Rac1 dxc5 24. Rxc5 Bd6 25. Ra5 Bb4 26. Ra4 a5 27. a3 Bd6 28. Rb1 Kf8 29. Rb5 Bc7 30. Kg2 Ke8 31. Rh4 h5 32. g4 Kd7 33. gxh5 gxh5 34. Rbxh5 Rb8 35. Rd4+ Ke6 36. Rc4 Be5 37. Rc5 f6 38. Rxa5 Rb2 39. Rh4 Ra2 40. a4 f5 41. Rc4 Bd6 42. Rb5 Ra3 43. h4 Kf6 44. h5 Kg5 45. h6 Kxh6 46. Rxf5 Kg6 47. Rf3 1-0

[Event "Toronto int."]
[Site "Toronto CAN"]
[Date "1985.07.27"]
[Round "1"]
[White "Allan, Denis"]
[Black "Ivanov, Igor V"]
[Result "1/2-1/2"]
[WhiteElo "2293"]
[BlackElo "2546"]
[PlyCount "110"]
[GameId "2160767912717890"]
[EventDate "1985.07.27"]
[EventType "swiss"]
[EventRounds "9"]
[EventCountry "CAN"]
[SourceTitle "EXT 2022"]
[Source "ChessBase"]
[SourceDate "2021.10.06"]
[SourceVersion "1"]
[SourceVersionDate "2021.10.06"]
[SourceQuality "1"]

1. g3 d5 2. Bg2 Nf6 3. d3 b6 4. Nc3 Bb7 5. Bg5 Nbd7 6. e4 d4 7. Nce2 e5 8. Nf3 Be7 9. O-O c5 10. h3 h6 11. Bd2 g5 12. Nh2 Rg8 13. c3 h5 14. cxd4 cxd4 15. Qa4 a6 16. b4 b5 17. Qb3 Nb6 18. Nf3 Nfd7 19. Nfxd4 exd4 20. Nxd4 Ne5 21. Be3 Rc8 22. Nf5 Na4 23. Nxe7 Kxe7 24. d4 Nc4 25. d5 Nxe3 26. Qxe3 Qb6 27. Qe2 h4 28. e5 g4 29. Qe4 Kf8 30. e6 gxh3 31. Qh7 Rc7 32. Qh6+ Ke8 33. exf7+ Rxf7 34. Rae1+ Kd8 35. Qxh4+ Qf6 36. Qxh3 Nc3 37. Re6 Rh8 38. Rxf6 Rxh3 39. Rd6+ Kc7 40. Re6 Bxd5 41. Bxh3 Rh7 42. Bg2 Bxe6 43. Rc1 Bxa2 44. Rxc3+ Bc4 45. Rf3 Rh6 46. Rf5 Kb6 47. Rf8 Rd6 48. Rb8+ Kc7 49. Rb7+ Kc8 50. Ra7 Rd1+ 51. Kh2 Rd2 52. Ra8+ Kd7 53. Ra7+ Kd8 54. Ra8+ Ke7 55. Ra7+ Kf8 1/2-1/2

[Event "Toronto int."]
[Site "Toronto CAN"]
[Date "1985.07.29"]
[Round "3"]
[White "Fink, Stanley"]
[Black "Ivanov, Igor V"]
[Result "0-1"]
[WhiteElo "2302"]
[BlackElo "2546"]
[PlyCount "60"]
[GameId "2160767912717904"]
[EventDate "1985.07.27"]
[EventType "swiss"]
[EventRounds "9"]
[EventCountry "CAN"]
[SourceTitle "EXT 2022"]
[Source "ChessBase"]
[SourceDate "2021.10.06"]
[SourceVersion "1"]
[SourceVersionDate "2021.10.06"]
[SourceQuality "1"]

1. d4 g6 2. c4 Bg7 3. Nc3 c5 4. d5 Bxc3+ 5. bxc3 f5 6. h4 Nf6 7. h5 gxh5 8. e4 fxe4 9. Bh6 Qa5 10. Rc1 Rg8 11. d6 Nc6 12. dxe7 Nxe7 13. Be2 Nf5 14. Bxh5+ Ke7 15. Bf4 Rxg2 16. Kf1 Rg7 17. Be5 d6 18. Bxf6+ Kxf6 19. Ne2 Qxa2 20. Nf4 Ke5 21. Rc2 Qxc4+ 22. Be2 Qg8 23. Nh5 Rf7 24. Qd2 e3 25. f4+ Ke6 26. Bc4+ Ke7 27. Qd5 Qg6 28. Qxf7+ Qxf7 29. Bxf7 Kxf7 30. Re2 Be6 0-1

[Event "CAN-ch"]
[Site "Edmonton CAN"]
[Date "1985.07.13"]
[Round "1"]
[White "Hamilton, Robert"]
[Black "Ivanov, Igor V"]
[Result "0-1"]
[WhiteElo "2363"]
[BlackElo "2571"]
[PlyCount "118"]
[GameId "2160767912717959"]
[EventDate "1985.07.13"]
[EventType "tourn"]
[EventRounds "9"]
[EventCountry "CAN"]
[EventCategory "3"]
[SourceTitle "EXT 2025"]
[Source "ChessBase"]
[SourceDate "2024.10.14"]
[SourceVersion "1"]
[SourceVersionDate "2024.10.14"]
[SourceQuality "1"]

1. e4 c5 2. f4 Nf6 3. e5 Nd5 4. d4 cxd4 5. Qxd4 e6 6. Nf3 Nc6 7. Qd2 Bc5 8. Qe2 d6 9. Nbd2 Nxf4 10. Qc4 Ng6 11. exd6 Bxd6 12. Ne4 O-O 13. Nxd6 Qxd6 14. Be3 Nge5 15. Qc3 Nxf3+ 16. gxf3 Rd8 17. Bd3 Qe5 18. Qxe5 Nxe5 19. Be2 b6 20. Kf2 Bb7 21. Rad1 f6 22. a4 Nc6 23. c4 Ba6 24. Rxd8+ Rxd8 25. a5 bxa5 26. b4 Nxb4 27. Ra1 h6 28. Rxa5 Bc8 29. Rxa7 e5 30. Bb6 Re8 31. c5 Be6 32. Bc7 Nc6 33. Ra6 Nd4 34. Rb6 Kf7 35. Bd6 Bd5 36. Ra6 f5 37. Bd1 e4 38. fxe4 Rxe4 39. Bh5+ g6 40. Bd1 h5 41. Bc7 Ne6 42. Bd6 Ng5 43. Ra7+ Kf6 44. Ba4 f4 45. Bb5 Nh3+ 46. Kf1 f3 47. Ra1 h4 48. c6 Rg4 49. Bc5 Bc4+ 50. Bxc4 Rxc4 51. Bb6 Rxc6 52. Bd8+ Kf5 53. Bxh4 Rc2 54. Bg3 Rg2 55. Ra5+ Kf6 56. Ra6+ Kg5 57. Ra5+ Kh6 58. Ke1 Rg1+ 59. Kd2 f2 0-1

[Event "CAN-ch"]
[Site "Edmonton CAN"]
[Date "1985.07.15"]
[Round "3"]
[White "Stone, Raymond"]
[Black "Ivanov, Igor V"]
[Result "1/2-1/2"]
[WhiteElo "2343"]
[BlackElo "2571"]
[PlyCount "57"]
[GameId "2160767912717972"]
[EventDate "1985.07.13"]
[EventType "tourn"]
[EventRounds "9"]
[EventCountry "CAN"]
[EventCategory "3"]
[SourceTitle "EXT 2025"]
[Source "ChessBase"]
[SourceDate "2024.10.14"]
[SourceVersion "1"]
[SourceVersionDate "2024.10.14"]
[SourceQuality "1"]

1. d4 Nf6 2. c4 e6 3. Nf3 c5 4. d5 b5 5. Bg5 exd5 6. cxd5 d6 7. e4 a6 8. a4 b4 9. Be2 Be7 10. O-O Nxe4 11. Bxe7 Kxe7 12. Re1 Kf8 13. Nbd2 Nf6 14. Nc4 a5 15. Qd3 Ba6 16. Nfd2 Ra7 17. Qg3 Rd7 18. Ne3 Bxe2 19. Rxe2 h5 20. h4 Rh6 21. Qf4 Rg6 22. f3 Na6 23. Ndc4 Nc7 24. Rd1 Nce8 25. Nf5 Kg8 26. Qe3 Kh7 27. Ne7 Rh6 28. Nf5 Rg6 29. Ne7 1/2-1/2

[Event "CAN-ch"]
[Site "Edmonton CAN"]
[Date "1985.07.16"]
[Round "4"]
[White "Fullbrook, Nigel"]
[Black "Ivanov, Igor V"]
[Result "1-0"]
[WhiteElo "2255"]
[BlackElo "2571"]
[PlyCount "65"]
[GameId "2160767912717975"]
[EventDate "1985.07.13"]
[EventType "tourn"]
[EventRounds "9"]
[EventCountry "CAN"]
[EventCategory "3"]
[SourceTitle "EXT 2025"]
[Source "ChessBase"]
[SourceDate "2024.10.14"]
[SourceVersion "1"]
[SourceVersionDate "2024.10.14"]
[SourceQuality "1"]

1. e4 c5 2. Nf3 d6 3. d4 cxd4 4. Nxd4 Nf6 5. Nc3 Nc6 6. Bc4 e6 7. Be3 Be7 8. Qe2 Bd7 9. O-O-O Rc8 10. f4 Na5 11. Bxe6 fxe6 12. e5 Nc4 13. exf6 Qb6 14. Ndb5 Qxe3+ 15. Qxe3 Nxe3 16. fxe7 Rxc3 17. Nxd6+ Kxe7 18. bxc3 Nxd1 19. Rxd1 Bc6 20. g3 Rd8 21. Nc4 Rxd1+ 22. Kxd1 Bd5 23. Na5 Bxa2 24. Nxb7 Kd7 25. Nc5+ Kc6 26. Nb3 Kd5 27. Kc1 g5 28. fxg5 e5 29. h4 Ke4 30. h5 Kf5 31. g6 hxg6 32. h6 Kf6 33. c4 1-0

[Event "CAN-ch"]
[Site "Edmonton CAN"]
[Date "1985.07.17"]
[Round "5"]
[White "Ivanov, Igor V"]
[Black "Cabanas, Francisco"]
[Result "1-0"]
[WhiteElo "2571"]
[BlackElo "2067"]
[PlyCount "47"]
[GameId "2160767912717981"]
[EventDate "1985.07.13"]
[EventType "tourn"]
[EventRounds "9"]
[EventCountry "CAN"]
[EventCategory "3"]
[SourceTitle "EXT 2025"]
[Source "ChessBase"]
[SourceDate "2024.10.14"]
[SourceVersion "1"]
[SourceVersionDate "2024.10.14"]
[SourceQuality "1"]

1. d4 Nf6 2. c4 c5 3. Nf3 cxd4 4. Nxd4 Nc6 5. Nc3 d5 6. Nxc6 bxc6 7. cxd5 cxd5 8. e4 Nxe4 9. Bb5+ Bd7 10. Qxd5 Nf6 11. Bxd7+ Nxd7 12. O-O e6 13. Qb5 Qb6 14. Be3 Bc5 15. Bxc5 Qxc5 16. Qa4 Ke7 17. Ne4 Qe5 18. Rfd1 Nc5 19. Nxc5 Qxc5 20. Rac1 Qe5 21. Qa3+ Kf6 22. Rc5 Qe4 23. Qc3+ Kg6 24. Qg3+ 1-0

[Event "CAN-ch"]
[Site "Edmonton CAN"]
[Date "1985.07.18"]
[Round "6"]
[White "Ross, Dave"]
[Black "Ivanov, Igor V"]
[Result "1/2-1/2"]
[WhiteElo "2285"]
[BlackElo "2571"]
[PlyCount "80"]
[GameId "2160767912717987"]
[EventDate "1985.07.13"]
[EventType "tourn"]
[EventRounds "9"]
[EventCountry "CAN"]
[EventCategory "3"]
[SourceTitle "EXT 2025"]
[Source "ChessBase"]
[SourceDate "2024.10.14"]
[SourceVersion "1"]
[SourceVersionDate "2024.10.14"]
[SourceQuality "1"]

1. d4 Nf6 2. c4 g6 3. Nc3 Bg7 4. e4 d6 5. f3 O-O 6. Bg5 Nbd7 7. Qd2 c6 8. Nh3 a6 9. Nf2 b5 10. Be2 c5 11. dxc5 Nxc5 12. O-O Be6 13. e5 Ne8 14. exd6 Nxd6 15. cxb5 axb5 16. Nxb5 Nxb5 17. Qxd8 Rfxd8 18. Bxb5 Rdb8 19. a4 Bxb2 20. Rab1 Nxa4 21. Bxa4 Rxa4 22. Bxe7 Ba2 23. Rbd1 f5 24. g3 Bd4 25. Kg2 Re8 26. Rfe1 Bb3 27. Bg5 Rea8 28. Rb1 Bd5 29. Be3 Ba2 30. Rbc1 Bb2 31. Rc2 Bf6 32. Rc6 Bg7 33. Rc7 Bd5 34. Rc5 Bf7 35. Rec1 Be6 36. Rc6 Re8 37. Bb6 Ra3 38. Re1 Bd7 39. Rxe8+ Bxe8 40. Rc8 Kf7 1/2-1/2

[Event "CAN-ch"]
[Site "Edmonton CAN"]
[Date "1985.07.19"]
[Round "7"]
[White "Ivanov, Igor V"]
[Black "Hawkes, Rob"]
[Result "1-0"]
[WhiteElo "2571"]
[BlackElo "2328"]
[PlyCount "67"]
[GameId "2160767912717992"]
[EventDate "1985.07.13"]
[EventType "tourn"]
[EventRounds "9"]
[EventCountry "CAN"]
[EventCategory "3"]
[SourceTitle "EXT 2025"]
[Source "ChessBase"]
[SourceDate "2024.10.14"]
[SourceVersion "1"]
[SourceVersionDate "2024.10.14"]
[SourceQuality "1"]

1. Nf3 g6 2. c4 Bg7 3. e4 c5 4. d4 b6 5. d5 d6 6. Be2 Nf6 7. Nc3 O-O 8. O-O a6 9. Re1 e5 10. dxe6 fxe6 11. e5 dxe5 12. Qxd8 Rxd8 13. Nxe5 Ra7 14. Na4 Nfd7 15. Nxd7 Bxd7 16. Nxb6 Bc6 17. Bg4 Rb7 18. Bxe6+ Kh8 19. Nd5 Re8 20. Kf1 Ba4 21. Bg4 Rxe1+ 22. Kxe1 Nc6 23. Bd1 Bxd1 24. Kxd1 Ne5 25. Ne3 Bh6 26. Kc2 Rf7 27. f3 Nc6 28. Nd5 Nd4+ 29. Kd3 Bg7 30. Rb1 Nc6 31. b3 Rb7 32. Bf4 g5 33. Bxg5 Ne5+ 34. Kc2 1-0

[Event "CAN-ch"]
[Site "Edmonton CAN"]
[Date "1985.07.20"]
[Round "8"]
[White "Taylor, Gordon"]
[Black "Ivanov, Igor V"]
[Result "0-1"]
[WhiteElo "2302"]
[BlackElo "2571"]
[PlyCount "50"]
[GameId "2160767912717998"]
[EventDate "1985.07.13"]
[EventType "tourn"]
[EventRounds "9"]
[EventCountry "CAN"]
[EventCategory "3"]
[SourceTitle "EXT 2025"]
[Source "ChessBase"]
[SourceDate "2024.10.14"]
[SourceVersion "1"]
[SourceVersionDate "2024.10.14"]
[SourceQuality "1"]

1. d4 g6 2. c4 Bg7 3. Nc3 c5 4. d5 Bxc3+ 5. bxc3 f5 6. h4 Nf6 7. h5 Nxh5 8. e4 Nf6 9. exf5 gxf5 10. Bg5 Qa5 11. Bxf6 exf6 12. Kd2 d6 13. Bd3 Nd7 14. f4 b5 15. cxb5 c4 16. Bxc4 Nc5 17. Qh5+ Kd8 18. Ne2 Bd7 19. Rhb1 Rc8 20. Rb4 Re8 21. a4 Ne4+ 22. Kd3 Nxc3 23. Kxc3 Bxb5 24. axb5 Qxa1+ 25. Kc2 Qa3 0-1

[Event "CAN-ch"]
[Site "Edmonton CAN"]
[Date "1985.07.21"]
[Round "9"]
[White "Ivanov, Igor V"]
[Black "Reeve, Jeff"]
[Result "1-0"]
[WhiteElo "2571"]
[BlackElo "2247"]
[PlyCount "53"]
[GameId "2160767912718001"]
[EventDate "1985.07.13"]
[EventType "tourn"]
[EventRounds "9"]
[EventCountry "CAN"]
[EventCategory "3"]
[SourceTitle "EXT 2025"]
[Source "ChessBase"]
[SourceDate "2024.10.14"]
[SourceVersion "1"]
[SourceVersionDate "2024.10.14"]
[SourceQuality "1"]

1. Nf3 Nf6 2. c4 g6 3. Nc3 Bg7 4. e4 d6 5. d4 O-O 6. Be2 e5 7. Be3 Nbd7 8. O-O Qe7 9. Bg5 h6 10. Bh4 g5 11. Bg3 c6 12. Re1 Nh5 13. dxe5 dxe5 14. Bxe5 Nxe5 15. Nxe5 Bxe5 16. Bxh5 Be6 17. Qe2 Qb4 18. Bg4 Bxg4 19. Qxg4 Qxb2 20. Ne2 Qxa1 21. Rxa1 Bxa1 22. h4 f6 23. Ng3 Rad8 24. Nf5 Kf7 25. Nxh6+ Kg6 26. Nf5 Rh8 27. f4 1-0

[Event "CAN-op"]
[Site "Edmonton CAN"]
[Date "1985.07.20"]
[Round "9"]
[White "Ivanov, Igor V"]
[Black "Ball, Stephen"]
[Result "1-0"]
[WhiteElo "2555"]
[BlackElo "2197"]
[PlyCount "75"]
[GameId "2160767912718032"]
[EventDate "1985.07.13"]
[EventType "swiss"]
[EventRounds "10"]
[EventCountry "CAN"]
[SourceTitle "EXT 2022"]
[Source "ChessBase"]
[SourceDate "2021.10.06"]
[SourceVersion "1"]
[SourceVersionDate "2021.10.06"]
[SourceQuality "1"]

1. Nf3 Nf6 2. c4 e6 3. d4 d5 4. Bg5 Be7 5. Nc3 O-O 6. e3 h6 7. Bh4 b6 8. Be2 Bb7 9. Bxf6 Bxf6 10. cxd5 exd5 11. b4 c5 12. bxc5 bxc5 13. Rb1 Bc6 14. O-O Nd7 15. Bb5 Qc7 16. Qc2 Rfc8 17. Rfc1 c4 18. Bxc6 Qxc6 19. Rb5 Nb6 20. Rcb1 Rd8 21. h4 Qe6 22. g3 Rd6 23. a4 a6 24. R5b4 Re8 25. Kg2 Nd7 26. Rb7 g6 27. Ra7 Bd8 28. Rbb7 f5 29. Ne2 g5 30. hxg5 hxg5 31. g4 f4 32. Ne5 Re7 33. exf4 Nxe5 34. fxe5 Qxg4+ 35. Ng3 Rxb7 36. Rxb7 Rh6 37. Rb8 Qd7 38. Qf5 1-0

[Event "CAN-op"]
[Site "Edmonton CAN"]
[Date "1985.07.21"]
[Round "10"]
[White "Chow, Robert"]
[Black "Ivanov, Igor V"]
[Result "0-1"]
[WhiteElo "2244"]
[BlackElo "2555"]
[PlyCount "74"]
[GameId "2160767912718039"]
[EventDate "1985.07.13"]
[EventType "swiss"]
[EventRounds "10"]
[EventCountry "CAN"]
[SourceTitle "EXT 2022"]
[Source "ChessBase"]
[SourceDate "2021.10.06"]
[SourceVersion "1"]
[SourceVersionDate "2021.10.06"]
[SourceQuality "1"]

1. d4 Nf6 2. c4 c5 3. d5 b5 4. Nf3 g6 5. Qc2 Bg7 6. e4 O-O 7. cxb5 a6 8. Nc3 d6 9. Bc4 Nbd7 10. O-O Nb6 11. Be2 axb5 12. Bxb5 Ba6 13. Bxa6 Rxa6 14. Re1 Qd7 15. b3 Rfa8 16. Bb2 Ne8 17. Nd2 Nc7 18. a4 e6 19. Rad1 Rb8 20. dxe6 Nxe6 21. Nb5 Bxb2 22. Qxb2 Nxa4 23. bxa4 Rxa4 24. Nf3 Rxb5 25. Qf6 Qb7 26. Rxd6 Rxe4 27. Red1 Rb1 28. h3 Rd4 29. R6xd4 Nxd4 30. Rxb1 Qxb1+ 31. Kh2 Nxf3+ 32. Qxf3 c4 33. Qe3 Qb2 34. Qe4 Qb8+ 35. g3 c3 36. Kg2 Qc8 37. Qc2 Qb7+ 0-1

[Event "Laurentides"]
[Site "St-Jerome CAN"]
[Date "1985.01.26"]
[Round "1"]
[White "Ivanov, Igor V"]
[Black "Gelinas, Renaud"]
[Result "1-0"]
[WhiteElo "2531"]
[BlackElo "1817"]
[PlyCount "73"]
[GameId "2160767912714391"]
[EventDate "1985.01.26"]
[EventType "swiss"]
[EventRounds "4"]
[EventCountry "CAN"]
[SourceTitle "Bulletin Mauricie 1985.2"]

1. e4 e5 2. Nf3 Nc6 3. Bb5 a6 4. Ba4 Nf6 5. O-O Nxe4 6. d4 b5 7. Bb3 d5 8. dxe5 Be6 9. c3 Bc5 10. Nbd2 O-O 11. Bc2 Bf5 12. Nb3 Bb6 13. Nfd4 Nxd4 14. cxd4 Be6 15. f3 Ng5 16. Qd3 f5 17. exf6 Qxf6 18. Bxg5 Qxg5 19. Qxh7+ Kf7 20. Rae1 Rae8 21. h4 Qg3 22. Bf5 Rh8 23. Bxe6+ Rxe6 24. Qf5+ Rf6 25. Qxd5+ Kg6 26. Qe4+ Kf7 27. h5 Kg8 28. Nc5 Rhh6 29. Qd5+ Kh7 30. Re8 Rxh5 31. Qxh5+ Rh6 32. Qf5+ Rg6 33. Rf2 Qh4 34. Ne6 Qh6 35. Nf8+ Kg8 36. Nxg6+ Kh7 37. Rh8# 1-0

[Event "Laurentides"]
[Site "St-Jerome CAN"]
[Date "1985.01.27"]
[Round "3"]
[White "Ivanov, Igor V"]
[Black "Dauvergne, Peter"]
[Result "1-0"]
[WhiteElo "2527"]
[BlackElo "2050"]
[PlyCount "77"]
[GameId "2160767912714393"]
[EventDate "1985.01.26"]
[EventType "swiss"]
[EventRounds "4"]
[EventCountry "CAN"]

1. d4 Nf6 2. Nf3 e6 3. c4 b6 4. g3 Ba6 5. b3 Bb4+ 6. Bd2 Be7 7. Bg2 d5 8. Nc3 O-O 9. cxd5 exd5 10. O-O c5 11. Bg5 Bb7 12. dxc5 bxc5 13. Rc1 Nbd7 14. Nh4 h6 15. Bxf6 Nxf6 16. Nf5 Qd7 17. Bxd5 Qxf5 18. Bxb7 Rad8 19. Qc2 Qh3 20. Bg2 Qh5 21. Na4 Rc8 22. Rfd1 Ng4 23. h3 Nf6 24. Nb2 Qe5 25. Nc4 Qc7 26. Bd5 Rcd8 27. e4 Rd7 28. Qe2 Rfd8 29. Qf3 Bf8 30. Rd3 Re7 31. Rcd1 Rde8 32. e5 Nd7 33. Bc6 Rd8 34. h4 Nb8 35. Bd5 Nd7 36. Be4 Nxe5 37. Nxe5 Qxe5 38. Rxd8 Qxe4 39. Rxf8+ 1-0

[Event "Specialiste op"]
[Site "Montreal CAN"]
[Date "1985.01.19"]
[Round "2"]
[White "Delisle, Claude"]
[Black "Ivanov, Igor V"]
[Result "0-1"]
[WhiteElo "2020"]
[BlackElo "2531"]
[PlyCount "60"]
[GameId "2160767912714401"]
[EventDate "1985.01.18"]
[EventType "swiss"]
[EventRounds "5"]
[EventCountry "CAN"]

1. d4 Nf6 2. c4 g6 3. Nc3 Bg7 4. e4 O-O 5. f4 d6 6. Nf3 Bg4 7. Be3 Nfd7 8. Qd2 c5 9. d5 a6 10. O-O-O Qa5 11. Bd3 b5 12. h3 Bxf3 13. gxf3 bxc4 14. Bb1 Nf6 15. f5 Nbd7 16. Bh6 Bh8 17. fxg6 fxg6 18. f4 Rfb8 19. e5 dxe5 20. f5 Rxb2 21. Kxb2 Rb8+ 22. Ka1 e4 23. fxg6 hxg6 24. Rc1 Kh7 25. Rhf1 Nb6 26. Rxf6 Bxf6 27. Bg5 Bd4 28. Be3 Bg7 29. Qe1 Nxd5 30. Bd2 Qb4 0-1

[Event "Specialiste op"]
[Site "Montreal CAN"]
[Date "1985.01.19"]
[Round "3"]
[White "Ivanov, Igor V"]
[Black "St Amand, Paul Jr"]
[Result "1-0"]
[WhiteElo "2534"]
[BlackElo "2045"]
[PlyCount "69"]
[GameId "2160767912714402"]
[EventDate "1985.01.18"]
[EventType "swiss"]
[EventRounds "5"]
[EventCountry "CAN"]

1. d4 Nf6 2. c4 c5 3. d5 e6 4. Nc3 exd5 5. cxd5 d6 6. e4 g6 7. f4 Bg7 8. Bb5+ Nfd7 9. a4 Qh4+ 10. g3 Qe7 11. Nf3 O-O 12. O-O a6 13. Bd3 Nf6 14. Re1 Bg4 15. Bf1 Nbd7 16. h3 Bxf3 17. Qxf3 Rfe8 18. Bd2 Rab8 19. b3 Qd8 20. Kh1 Qc7 21. Rad1 Re7 22. Bc4 Rbe8 23. g4 Qb8 24. Re2 Nb6 25. Be1 Nfd7 26. Bh4 Bf6 27. Bxf6 Nxf6 28. e5 Nxc4 29. bxc4 Nd7 30. Ne4 dxe5 31. d6 Re6 32. f5 gxf5 33. gxf5 Rh6 34. Rg2+ Kh8 35. Rdg1 1-0

[Event "Grand Manan"]
[Site "Grand Manan CAN"]
[Date "1984.??.??"]
[Round "1"]
[White "Van der Wiel, John"]
[Black "Ivanov, Igor V"]
[Result "0-1"]
[WhiteElo "2515"]
[BlackElo "2550"]
[PlyCount "68"]
[GameId "2160767912714795"]
[EventDate "1984.09.19"]
[EventType "tourn"]
[EventRounds "10"]
[EventCountry "CAN"]
[SourceTitle "EXT 2010"]
[Source "ChessBase"]
[SourceDate "2009.11.30"]
[SourceVersion "1"]
[SourceVersionDate "2009.11.30"]
[SourceQuality "1"]

1. e4 c5 2. Nf3 d6 3. d4 cxd4 4. Nxd4 Nf6 5. Nc3 Nc6 6. Bg5 Qb6 7. Nb3 e6 8. a4 Be7 9. a5 Qd8 10. Be2 O-O 11. O-O h6 12. Be3 Bd7 13. f4 Nb4 14. Bf3 e5 15. Rf2 Qc7 16. Rd2 Rfe8 17. Kh1 Bf8 18. fxe5 dxe5 19. Qg1 Be6 20. Nc5 Bg4 21. Ra4 b6 22. axb6 axb6 23. Rxa8 Rxa8 24. N5a4 Nxc2 25. Bxb6 Qc6 26. Bxg4 Nxg4 27. Rxc2 Rxa4 28. Qd1 Qxb6 29. Nxa4 Qb3 30. Nc5 Nf2+ 31. Kg1 Bxc5 32. Qd8+ Kh7 33. Qd7 Nxe4+ 34. Kf1 Ng3+ 0-1

[Event "Grand Manan"]
[Site "Grand Manan CAN"]
[Date "1984.??.??"]
[Round "2"]
[White "Ivanov, Igor V"]
[Black "Lein, Anatoly"]
[Result "1/2-1/2"]
[WhiteElo "2550"]
[BlackElo "2475"]
[PlyCount "38"]
[GameId "2160767739448164"]
[EventDate "1984.09.19"]
[EventType "tourn"]
[EventRounds "10"]
[EventCountry "CAN"]
[SourceTitle "EXT 2010"]
[Source "ChessBase"]
[SourceDate "2009.11.30"]
[SourceVersion "1"]
[SourceVersionDate "2009.11.30"]
[SourceQuality "1"]

1. d4 Nf6 2. c4 e6 3. Nf3 b6 4. a3 Bb7 5. Nc3 d5 6. cxd5 Nxd5 7. e3 Nd7 8. Bd3 c5 9. e4 Nxc3 10. bxc3 Be7 11. O-O O-O 12. Bb2 Qc7 13. Qe2 Rac8 14. Rad1 Rfd8 15. Rfe1 Nf8 16. Qe3 Ng6 17. g3 e5 18. d5 c4 19. Bf1 b5 {s source: bulletin} 1/2-1/2

[Event "Grand Manan"]
[Site "Grand Manan CAN"]
[Date "1984.??.??"]
[Round "3"]
[White "Day, Lawrence"]
[Black "Ivanov, Igor V"]
[Result "1/2-1/2"]
[WhiteElo "2435"]
[BlackElo "2550"]
[PlyCount "111"]
[GameId "2160767739448165"]
[EventDate "1984.09.19"]
[EventType "tourn"]
[EventRounds "10"]
[EventCountry "CAN"]
[SourceTitle "EXT 2010"]
[Source "ChessBase"]
[SourceDate "2009.11.30"]
[SourceVersion "1"]
[SourceVersionDate "2009.11.30"]
[SourceQuality "1"]

1. e4 c5 2. f4 d5 3. exd5 Qxd5 4. Nc3 Qd8 5. Nf3 Nf6 6. Ne5 e6 7. Qf3 Bd6 8. b3 O-O 9. Bb2 Nbd7 10. Ne4 Nxe4 11. Qxe4 Qc7 12. Bd3 f5 13. Qe2 Bxe5 14. fxe5 Nb6 15. c4 Bd7 16. O-O-O Bc6 17. Rhg1 Rad8 18. Bc2 Nc8 19. Qe3 b6 20. d4 cxd4 21. Rxd4 Rxd4 22. Qxd4 Rd8 23. Qf4 Ne7 24. g4 Rf8 25. gxf5 Nxf5 26. Ba3 Rf7 27. Rd1 h6 28. Kb1 g5 29. Qd2 Qb7 30. Qd8+ Kg7 31. Bxf5 Rxf5 32. Be7 Rf7 33. Bf6+ Kg6 34. Qg8+ Kh5 35. Kc1 Be4 36. Qe8 Bf5 37. Kb2 Kg4 38. Rd2 Kf3 39. Ka3 Qc7 40. Kb2 g4 41. Qa8+ Qb7 42. Qd8 Qe4 43. Ka3 Qe3 44. Rb2 Qd3 45. Qxd3+ Bxd3 46. Kb4 h5 47. a4 g3 48. hxg3 Kxg3 49. Rd2 Bf5 50. Rd4 Bg4 51. Rd3+ Kf4 52. a5 bxa5+ 53. Kxa5 Rh7 54. c5 h4 55. c6 Rc7 56. Bxh4 {source: bulletin} 1/2-1/2

[Event "Grand Manan"]
[Site "Grand Manan CAN"]
[Date "1984.??.??"]
[Round "5"]
[White "Seirawan, Yasser"]
[Black "Ivanov, Igor V"]
[Result "1-0"]
[WhiteElo "2525"]
[BlackElo "2550"]
[PlyCount "67"]
[GameId "2160767912714801"]
[EventDate "1984.09.19"]
[EventType "tourn"]
[EventRounds "10"]
[EventCountry "CAN"]
[SourceTitle "EXT 2010"]
[Source "ChessBase"]
[SourceDate "2009.11.30"]
[SourceVersion "1"]
[SourceVersionDate "2009.11.30"]
[SourceQuality "1"]

1. d4 Nf6 2. c4 e6 3. Nf3 b6 4. Nc3 Bb4 5. Qb3 c5 6. a3 Ba5 7. Bf4 Nc6 8. e3 cxd4 9. exd4 d5 10. cxd5 Nxd5 11. Bd2 O-O 12. Bd3 Nf6 13. Qc2 Bxc3 14. bxc3 h6 15. O-O Bb7 16. Rfe1 Rc8 17. Re3 Qd5 18. Qd1 Rfd8 19. Rb1 Qd6 20. Qe1 Ne7 21. Ne5 Nf5 22. Rh3 Qd5 23. f3 Rc7 24. Bxf5 exf5 25. Bxh6 gxh6 26. Rxh6 Ng4 27. Nxg4 fxg4 28. Qh4 Rd6 29. Rh8+ Kg7 30. Qh7+ Kf6 31. Qh6+ Kf5 32. fxg4+ Ke4 33. Qd2 Qc4 34. Rh5 1-0